Absolut Book : The Absolut Vodka Advertising Story /

Desde su lanzamiento en Estados Unidos en 1978, la larga campaña publicitaria del vodka sueco Absolut ha sido un éxito y prácticamente no ha sufrido cambios; se trata de una publicidad que se ha convertido en objeto de culto debido a su sencillez y belleza. Richard W. Lewis, uno de los diseñadores e...

Descrizione completa

Salvato in:
Dettagli Bibliografici
Autore principale: Lewis, Richard W. (autor)
Natura: Libro
Lingua:inglese
Pubblicazione: Boston, EUA : Journey, 1996, c1996
Soggetti:
Tags: Aggiungi Tag
Nessun Tag, puoi essere il primo ad aggiungerne!!

MARC

LEADER 00000nam^a2200000^a^4500
001 000195766
005 20250521000000.0
009 20260310102803.707
020 |a 1-885203-29-2 
037 |a Acervo ITESO - Biblioteca 
041 |a ING 
082 |a 659. 19641256  |b LEW 
100 |a Lewis, Richard W.  |e (autor) 
240 1 1 |a [Absolut Book: The Absolut Vodka Advertising Story] 
245 1 0 |a Absolut Book :  |b The Absolut Vodka Advertising Story /  |c R.W. Lewis. 
264 4 |a Boston, EUA :  |b Journey,  |c 1996, c1996 
300 |a XIII, 274 p. 
336 |a texto  |b txt  |2 rdacontenido 
337 |a sin mediación  |b n  |2 rdamedio 
338 |a volumen  |b nc  |2 rdasoporte 
520 |a Desde su lanzamiento en Estados Unidos en 1978, la larga campaña publicitaria del vodka sueco Absolut ha sido un éxito y prácticamente no ha sufrido cambios; se trata de una publicidad que se ha convertido en objeto de culto debido a su sencillez y belleza. Richard W. Lewis, uno de los diseñadores encargados de ella desde 1987, ha publicado dos libros en que recoge la historia gráfica de la campaña; el primero, Absolut Book, aborda los primeros quince años; Absolut Sequel, los siguientes diez. 
649 |a XX 
650 |a Industria Alimenticia -  |z Suecia 
650 |a Industria Alimenticia -  |z EUA 
650 |a Industria Manufacturera -  |z Suecia 
650 |a Campañas Publicitarias -  |z EUA -  |x Historia -  |y 1977-1981 -  |x Tema Principal 
650 |a Campañas Publicitarias -  |z EUA -  |x Historia -  |y 1981-1989 -  |x Tema Principal 
650 |a Campañas Publicitarias -  |z EUA -  |x Historia -  |y Siglo XX 
650 |a Publicidad 
650 |a Producto (Mezcla de Mercadotecnia) 
650 |a Promoción del Producto 
650 |a Mezcla de Mercadotecnia 
650 |a Mercadotecnia 
650 |a Ciencias Administrativas 
910 |a Fondo General 
920 |a Impresos - Libros 
930 |a Reserva Especial 
905 |a 103 
901 |a 0500141796  |b IT1  |c REE  |u 20250521 
902 |a https://opac.biblio.iteso.mx/vufind/Record/000195766